Statistics for The Vampire Diaries Season 2 Trivia Quiz

Click here to take the quiz!

General Stats

  • This quiz has been taken 717 times
  • The average score is 4 of 15

Answer Stats

Hint Answer % Correct
Who suffocated Caroline with a pillow?Katherine
95%
What is the name of Tyler's uncle?Mason Lockwood
87%
True or False. Elena's aunt Jenna gets killed in a car accident in the episode "The Sun Also Rises."False
48%
What object is Katherine looking for in Mystic Falls?Moonstone
45%
Who does Rose get bitten by in the episode "The Descent?"Jules
21%
How many witches were burned in order to undo the moonstone's curse?100
19%
What was the name of the witch that helped Klaus?Greta
16%
Where was Katherine originally from and what was her original name?Bulgaria and Katerina Petrova
10%
In what episode does Elijah make his debut appearence?"Rose"
8%
Two people kidnap Caroline and torture her. Who are they?Jules and Brady
3%
Caroline's first kill took place in what episode?"Brave New World"
1%
Where does Damon decide to hide the moonstone?In a soap dish
1%
Elena and Katherine have one thing in common what is it?They are both Dopplegangers
0%
What three main things does Klaus need in order to complete his hybrid transition?Doppleganger, Werewolf, and Vampire
0%
Name the episode, in which, Tyler has his first transformation into becoming a werewolf."By Light of the Moon"
0%

Score Distribution

Percentile by Number Answered

Percent of People with Each Score

Your Score History

You have not taken this quiz